Innovation et croissance : l’indispensable flexisécurité (notice n° 1924304)

détails MARC
000 -LEADER
fixed length control field 01352cam a2200181 4500500
005 - DATE AND TIME OF LATEST TRANSACTION
control field 20260329023025.0
041 ## - LANGUAGE CODE
Language code of text/sound track or separate title fre
042 ## - AUTHENTICATION CODE
Authentication code dc
100 10 - MAIN ENTRY--PERSONAL NAME
Personal name Artus, Patrick
Relator term author
245 00 - TITLE STATEMENT
Title Innovation et croissance : l’indispensable flexisécurité
260 ## - PUBLICATION, DISTRIBUTION, ETC.
Date of publication, distribution, etc. 2026.<br/>
500 ## - GENERAL NOTE
General note 9
520 ## - SUMMARY, ETC.
Summary, etc. La flexisécurité, réussite danoise, suscite l’intérêt des pays européens sans qu’ils n’osent franchir le pas. Pourtant, la révolution numérique impose un réveil : le décrochage économique face aux États-Unis s’accompagne désormais d’une dépendance militaire critique, illustrée en Ukraine et au Groenland. Mario Draghi lie ce retard à la « tech », secteur défini par un fort taux d’échec. Si la protection de l’emploi en Europe est compatible avec les industries traditionnelles, elle entrave l’innovation en tech car le coût prohibitif de l’échec anéantit la rentabilité et paralyse l’investissement. Une flexisécurité ciblée est donc devenue vitale pour notre souveraineté technologique et notre prospérité. P. A., Y. C. &amp; O. C.
700 10 - ADDED ENTRY--PERSONAL NAME
Personal name Coatanlem, Yann
Relator term author
700 10 - ADDED ENTRY--PERSONAL NAME
Personal name Coste, Olivier
Relator term author
786 0# - DATA SOURCE ENTRY
Note Commentaire | 193 | 1 | 2026-03-05 | p. 63-70 | 0180-8214
856 41 - ELECTRONIC LOCATION AND ACCESS
Uniform Resource Identifier <a href="https://shs.cairn.info/revue-commentaire-2026-1-page-63?lang=fr&redirect-ssocas=7080">https://shs.cairn.info/revue-commentaire-2026-1-page-63?lang=fr&redirect-ssocas=7080</a>

Pas d'exemplaire disponible.

PLUDOC

PLUDOC est la plateforme unique et centralisée de gestion des bibliothèques physiques et numériques de Guinée administré par le CEDUST. Elle est la plus grande base de données de ressources documentaires pour les Étudiants, Enseignants chercheurs et Chercheurs de Guinée.

Adresse

627 919 101/664 919 101

25 boulevard du commerce
Kaloum, Conakry, Guinée

Réseaux sociaux

Powered by Netsen Group @ 2025